000 00537nam a2200181Ia 4500
001 19939
005 20260306172729.0
008 260306t2000||||xx |||||||||||||| ||spa||
041 _aESP
082 _a341.51
_bG313
100 _aGago Prialé, Horacio
_eAUT
245 0 _aSociedad espontánea y derecho:
_bcómo la teoría jurídica de Joaquín Costa, puede explicar la nueva sociedad urbana y mestiza de Lima
260 _c2000
300 _a300 páginas :
_c20 cm.
650 _aGEN
654 _aCDE
942 _cLIB
_dJUS
_fJUS
_2ddc
_n
999 _c19939
_d19939